Anh ngữ thực hành : Phát âm và nói tiếng Anh chuẩn

Zapisane w:
Opis bibliograficzny
1. autor: Nguyễn Hữu Quyền
Format: Książka
Język:Undetermined
Wydane: Mũi Cà Mau Mũi Cà Mau 2002
Hasła przedmiotowe:
Etykiety: Dodaj etykietę
Nie ma etykietki, Dołącz pierwszą etykiete!
Thư viện lưu trữ: Trung tâm Học liệu Trường Đại học Cần Thơ
LEADER 00580nam a2200193Ia 4500
001 CTU_54775
008 210402s9999 xx 000 0 und d
020 |b 12000 
082 |a 428.24 
082 |b Qu527 
100 |a Nguyễn Hữu Quyền 
245 0 |a Anh ngữ thực hành : Phát âm và nói tiếng Anh chuẩn 
245 0 |c Nguyễn Hữu Quyền 
260 |a Mũi Cà Mau 
260 |b Mũi Cà Mau 
260 |c 2002 
650 |a english language 
650 |x pronunciation 
980 |a Trung tâm Học liệu Trường Đại học Cần Thơ